00968nam a2200229Ia 4500001000900000003000500009005001700014008004100031010001100072020002200083040000900105082002200114245020800136260009800344300001100442440007000453504002800523651006700551700003400618700004100652700004500693dia_5899CHAP20251023152859.0220117s2012 xx 000 0 und d a177030 a978-607-401-629-1 cCHAP a338.1972 S57 2012 aSistema agroalimentarios localizados en América Latina : alternativas para el desarrollo territorial /c coordinación François Boucher, Angélica Espinoza Ortega y Mario del Roble Pensado Leglise aMéxico :b Porrúa :,b Red Científica en Sistemas Agroalimentarios Localizados,c2012 a291 p. aLas ciencias sociales. Segunda década (Miguel Ángel Porrúa) aIncluye bibliografías aLatinoamérica - Agricultura \ 2. Latin America - Agriculture aBoucher, François, coord.  aEspinoza Ortega, Angélica, coord.  aRoble Pensado Leglise, Mario del, coord.